Dr. Ernest Drake's dragonology : (Record no. 567)

MARC details
000 -LEADER
fixed length control field 01252cam a2200313 a 4500
005 - DATE AND TIME OF LATEST TRANSACTION
control field 20260322212025.0
008 - FIXED-LENGTH DATA ELEMENTS--GENERAL INFORMATION
fixed length control field data
010 ## - LIBRARY OF CONGRESS CONTROL NUMBER
LC control number 2003107581
020 ## - INTERNATIONAL STANDARD BOOK NUMBER
International Standard Book Number 0763623296
020 ## - INTERNATIONAL STANDARD BOOK NUMBER
International Standard Book Number 9780763623296
040 ## - CATALOGING SOURCE
Original cataloging agency DPL
Transcribing agency DPL
Modifying agency DLC
-- DLC
042 ## - AUTHENTICATION CODE
Authentication code lccopycat
050 00 - LIBRARY OF CONGRESS CALL NUMBER
Classification number GR830.D7
Item number D74 2003
082 00 - DEWEY DECIMAL CLASSIFICATION NUMBER
Classification number 398.24/54
Edition information 22
092 ## - LOCALLY ASSIGNED DEWEY CALL NUMBER (OCLC)
Classification number 398.24 D74 2003
001 - CONTROL NUMBER
control field data
245 00 - TITLE STATEMENT
Title Dr. Ernest Drake's dragonology :
Remainder of title the complete book of dragons /
Statement of responsibility, etc. edited by Dugald Steer.
246 14 - VARYING FORM OF TITLE
Title proper/short title Dragonology :
Remainder of title the complete book of dragons
246 3# - VARYING FORM OF TITLE
Title proper/short title Doctor Ernest Drake's dragonology
250 ## - EDITION STATEMENT
Edition statement 1st U.S. ed.
260 ## - PUBLICATION, DISTRIBUTION, ETC.
Place of publication, distribution, etc. Cambridge, MA :
Name of publisher, distributor, etc. Candlewick Press,
Date of publication, distribution, etc. 2003.
300 ## - PHYSICAL DESCRIPTION
Extent 1 v. (unpaged) :
Other physical details ill. (some col.), col. maps ;
Dimensions 31 cm.
500 ## - GENERAL NOTE
General note Includes touch and feel patches, lift-the-flap illustrations, a folded "dragon script", "A dragonologist's personal record book" sample, and a "Riddles & puzzles" booklet (4 p. ; 12 cm.).
650 #0 - SUBJECT ADDED ENTRY--TOPICAL TERM
Topical term or geographic name entry element Dragons.
650 #0 - SUBJECT ADDED ENTRY--TOPICAL TERM
Topical term or geographic name entry element Toy and movable books.
700 1# - ADDED ENTRY--PERSONAL NAME
Personal name Steer, Dugald
856 42 - ELECTRONIC LOCATION AND ACCESS
Materials specified Contributor biographical information
Uniform Resource Identifier <a href="http://www.loc.gov/catdir/enhancements/fy0615/2003107581-b.html">http://www.loc.gov/catdir/enhancements/fy0615/2003107581-b.html</a>
856 42 - ELECTRONIC LOCATION AND ACCESS
Materials specified Publisher description
Uniform Resource Identifier <a href="http://www.loc.gov/catdir/enhancements/fy0615/2003107581-d.html">http://www.loc.gov/catdir/enhancements/fy0615/2003107581-d.html</a>
Holdings
Withdrawn status Lost status Damaged status Not for loan Home library Current library Shelving location Date acquired Total checkouts Full call number Barcode Date last seen Price effective from Koha item type
        Centerville Centerville General stacks 22/03/2026   398.24/54 22 BC0010580 22/03/2026 22/03/2026 Books